000
00256nam a2200109Ia 4500
008
220204s9999 xx 000 0 und d
082
_a
539.1
_b
WIL
100
_a
Willmott, J C
245
0
_a
Atomic physics
260
_a
London
_b
John Wiley
_c
1975
942
_c
BK
999
_c
26711
_d
26711